| 000 -ლიდერი |
| ფიქსირებული სიგრძის საკონტროლო ველი |
01548nam a22002297a 4500 |
| 003 - საკონტროლო ნომრის იდენტიფიკატორი |
| საკონტროლო ველი |
Ge_BSU |
| 005 - ბოლო ოპერაციის თარიღი და დრო |
| საკონტროლო ველი |
20230711172645.0 |
| 008 - ფიქსირებული სიგრძის მონაცემთა ელემენტები - ზოგადი ინფორმაცია |
| ფიქსირებული სიგრძის საკონტროლო ველი |
230711s1998ge xxu||||| |||| 00| 0 geo d |
| 020 ## - წიგნის საერთაშორისო სტანდარტული ნომერი |
| International Standard Book Number |
9992865342 |
| 041 ## - ენის კოდი |
| Language code of text/sound track or separate title |
geo |
| 080 ## - უნივერსალური ათობითი კლასიფიკაციის ინდექსი |
| Universal Decimal Classification number |
003.341+ 94(38) გ-70 |
| 100 ## - მთავარი ჩანაწერი - პიროვნების სახელი |
| Personal name |
გორდეზიანი, ლევან, ავტ. |
| 9 (RLIN) |
19249 |
| 245 ## - ცნობა სათაურის შესახებ |
| Title |
მიკენური საბერძნეთი B- ხაზოვანი ტექსტების შუქზე / |
| Statement of responsibility, etc |
ლევან გორდეზიანი ; [რედ. გიორგი მელიქიშვილი] |
| 264 ## - წარმოების, გამოცემის, დისტრიბუციის და სხვა ცნობები |
| გამოცემის, წარმოების, დისტრიბუციის... ადგილი |
თბილისი : |
| გამოცემის, წარმოების, დისტრიბუციის... სახელწოდება |
ლოგოსი, |
| გამოცემის, წარმოების, დისტრიბუციის... თარიღი |
1998. |
| 300 ## - ფიზიკური აღწერა |
| Extent |
52 გვ. ; |
| Other physical details |
20 სმ. |
| 440 ## - სერიის ცნობა / დამატებულია ჩანაწერი - სათაური |
| Title |
პროგრამა "ლოგოსი" : პუბლიკაციები და ღონისძიებები კლასიკური ფილოლოგიის, ბიზანტინისტიკისა და ნეოგრეცისტიკის სფეროში |
| 9 (RLIN) |
3642 |
| 504 ## - BIBLIOGRAPHY, ETC. NOTE |
| Bibliography, etc |
ბიბლიოგრ.: გვ. 47-52. |
| 653 ## - INDEX TERM--UNCONTROLLED |
| Uncontrolled term |
ძველი საბერძნეთის ისტორია. ძველი ბერძნული დამწერლობა. |
| 700 ## - ADDED ENTRY--PERSONAL NAME |
| Personal name |
მელიქიშვილი, გიორგი |
| 9 (RLIN) |
19250 |
| 710 ## - ADDED ENTRY--CORPORATE NAME |
| Corporate name or jurisdiction name as entry element |
თსუ, კლასიკური ფილოლ., ბიზანტინისტიკისა და ნეოგრეცისტიკის ინ-ტი. |
| 9 (RLIN) |
19251 |
| 942 ## - ADDED ENTRY ELEMENTS (KOHA) |
| Source of classification or shelving scheme |
|
| Koha item type |
წიგნი |